Normal view
MARC view
- Bärí A Williams; Lisa Renee Pitts
Entry Personal Name
001 - CONTROL NUMBER
- control field: 98058
003 - CONTROL NUMBER IDENTIFIER
- control field: NUST
005 - DATE AND TIME OF LATEST TRANSACTION
- control field: 20220818141748.0
008 - FIXED-LENGTH DATA ELEMENTS
- fixed length control field: 220818|| aca||aabn | a|a d
040 ## - CATALOGING SOURCE
- Original cataloging agency: NUST
- Transcribing agency: NUST
100 ## - HEADING--PERSONAL NAME
- Personal name: Bärí A Williams; Lisa Renee Pitts
670 ## - SOURCE DATA FOUND
- Source citation: Work cat.: (NUST): Bärí A Williams; Lisa Renee Pitts, Diversity in the workplace : eye-opening interviews to jumpstart conversations about identity, privilege, and bias, 2021
